Ideas recurrentes en Antonio Machado (Registro nro. 140915)

Detalles MARC
000 -LEADER
campo de control de longitud fija 00840nam a2200241 i 4500
001 - NÚMERO DE CONTROL
campo de control 140915
003 - IDENTIFICADOR DE NÚMERO DE CONTROL
campo de control ES-MaACL
005 - FECHA Y HORA DE LA ÚLTIMA TRANSACCIÓN
campo de control 20240601063026.0
007 - CAMPO FIJO DE DESCRIPCIÓN FÍSICA--INFORMACIÓN GENERAL
campo de control de longitud fija t|
008 - DATOS DE LONGITUD FIJA--INFORMACIÓN GENERAL
campo de control de longitud fija 070918s1975 sp ||||1| spa d
080 ## - NÚMERO DE LA CLASIFICACIÓN DECIMAL UNIVERSAL
Número de la Clasificación Decimal Universal 860 Machado, Antonio 1.06
100 0# - ENTRADA PRINCIPAL--NOMBRE DE PERSONA
Nombre de persona Ynduráin, Domingo,
Fechas asociadas al nombre 1943-2003
9 (RLIN) 117645
245 10 - MENCIÓN DEL TÍTULO
Título Ideas recurrentes en Antonio Machado
Resto del título : (1898-1907) /
Mención de responsabilidad, etc. Domingo Ynduráin ; prólogo de Aurora de Albornoz.
250 ## - MENCION DE EDICION
Mención de edición [1ª ed.].
260 ## - PUBLICACIÓN, DISTRIBUCIÓN, ETC.
Lugar de publicación, distribución, etc. Madrid :
Nombre del editor, distribuidor, etc. Turner,
Fecha de publicación, distribución, etc. [1975]
300 ## - DESCRIPCIÓN FÍSICA
Extensión XIV, 212 p. ;
Dimensiones 21 cm.
490 1# - MENCIÓN DE SERIE
Mención de serie Ediciones Turner ;
Designación de volumen o secuencia 22
600 14 - PUNTO DE ACCESO ADICIONAL DE MATERIA--NOMBRE DE PERSONA
Nombre de persona Machado, Antonio,
Fechas asociadas al nombre 1875-1939-
Subdivisión general Crítica e interpretación
9 (RLIN) 75154
700 0# - ENTRADA AGREGADA--NOMBRE PERSONAL
Nombre de persona Albornoz, Aurora de,
Fechas asociadas al nombre 1926-1990
9 (RLIN) 19411
830 0# - PUNTO DE ACCESO ADICIONAL DE SERIE-TÍTULO UNIFORME
Título uniforme Ediciones Turner ;
Designación de volumen o secuencia 22
9 (RLIN) 193602
852 ## - LOCALIZACIÓN
Ubicación ES-MaACL
Número de control de estantería E-9757
Sublocalización o colección R.94004
Existencias
Estatus retirado Estado de pérdida Estado de daño No para préstamo Biblioteca de origen Biblioteca actual Ubicación en estantería Fecha de adquisición Fuente de adquisición Total de préstamos Signatura topográfica completa Código de barras Visto por última vez Precio de reemplazo Tipo de ítem Koha
        Biblioteca del Ateneo de Madrid Biblioteca del Ateneo de Madrid Depósito 2 17/01/2008     E-9757 1146630 23/02/2023 23/02/2023 Libro impreso